Ochrana hospodárskej súťaže - globálna hospodárska kríza V. zborník vedeckých prác

Guardado en:
Detalles Bibliográficos
Autor Corporativo: Ekonomická univerzita v Bratislave. Fakulta podnikového manažmentu
Otros Autores: Matušovič, Martin, Mišík, Vladimír, Tóth, Miroslav, 1961-
Formato: Libro
Lenguaje:eslovaco
inglés
Publicado: Bratislava Vydavateľstvo EKONÓM 2015
Edición:1. vyd.
Materias:
Etiquetas: Agregar Etiqueta
Sin Etiquetas, Sea el primero en etiquetar este registro!

MARC

LEADER 00000nlm a2200000 4500
001 0214947
005 20240502073605.9
020 |a 978-80-225-4238-8 
041 0 |a slo 
041 0 |a eng 
044 |a SK 
245 1 0 |a Ochrana hospodárskej súťaže - globálna hospodárska kríza V.  |b zborník vedeckých prác  |c Martin Matušovič a kolektív, redakčné spracovanie: Martin Matušovič ; vedeckí recenzenti: Vladimír Mišík, Miroslav Tóth 
250 |a 1. vyd. 
264 1 |a Bratislava  |b Vydavateľstvo EKONÓM  |c 2015 
300 |a CD-ROM [125 s., 6,25 AH] 
610 2 0 |a súťaž hospodárska 
610 2 0 |a kríza hospodárska 
610 2 0 |a kapitál rizikový 
610 2 0 |a teórie ekonomické 
610 2 0 |a banky 
610 2 0 |a inovácia 
610 2 0 |a obstarávanie verejné 
700 1 |a Matušovič, Martin 
700 1 |a Mišík, Vladimír 
700 1 |a Tóth, Miroslav, 1961- 
710 2 |a Ekonomická univerzita v Bratislave. Fakulta podnikového manažmentu